000 00672nam a22001817a 4500
003 UA-OsUOA
001 18581
007 ta
008 20040524b un ||||| |||| 00| 0 ukr d
100 _aТищук В.
942 _cSA
040 _aUA-OsUOA
_cUA-OsUOA
_dUA-OsUOA
245 _aГеоргіївська церква на Сурмичах
_b[З історії та сьогодення Георгіївської церкви, збудов. в передмісті м. Дубна на Сурмичах]
300 _aС.7
955 _a0
773 0 _w0
_tДзеркало плюс
_dДубно
_d2004
_g№19/6 трав./
650 7 _aКраєзнавча робота
_2UDC
999 _c304752
_d304752